000 00238nam a2200097Ia 4500
008 190216s9999||||xx |||||||||||||| ||und||
100 _aJohn Kenneth
245 0 _aEconomics And The Out Of Controversy
260 _bOxford & I B H
942 _cBK
999 _c9244
_d9244